| 000 | 01367nam a2200313 a 4500 | ||
|---|---|---|---|
| 001 | BRCA_3131 | ||
| 005 | 20190320204127.0 | ||
| 008 | 040209s1863----fr-a---###---#000-0dfre-u | ||
| 041 | _afre | ||
| 044 | _afr | ||
| 084 |
_a434 _b.H34 _c1863 |
||
| 100 | 1 |
_aCervantes Saavedra, Miguel de _d1547-1616 _9213 |
|
| 245 | 1 | 0 |
_aL´Ingénieux Hidalgo Don Quichotte de la Manche _cpar Miguel de Cervantes Saavedra. |
| 260 |
_aParís _bL. Hachette _c1863 |
||
| 300 |
_a2 v. _bil. _c45 cm. |
||
| 500 | _aContenido : v 1. Primera parte. Noticia sobre la vida y obra de Cervantes por L. Viardot. Prólogo del autor. Notas. Texto. -- v 2. Segunda parte. Prólogo del auotr. Notas. Texto | ||
| 500 | _aEdición : Traduction de Louis Viardot. Avec les dessins de Gustave Doré graves par H. Pisan | ||
| 500 | _aEjemplar por completo igual al anterior. Semipiel; lomeras y cubiertas decoradas con dorados Lúdovik Osterc | ||
| 500 | _aQM364 | ||
| 546 | _aTexto en : francés | ||
| 650 | 1 | 4 |
_aNovela española _yÉpoca clásica, 1500-1700 _9215 |
| 650 | 1 | 4 |
_aLiteratura española _yÉpoca clásica, 1500-1700 _9216 |
| 650 | 1 | 4 |
_aNovela española _ySiglo XVII _9217 |
| 650 | 1 | 4 |
_aDon Quijote (Personaje ficticio) _eNovela _9218 |
| 700 | 1 |
_aViardot, Louis _d1800-1883 _eTraductor _98491 |
|
| 740 | 0 | _aEl Ingenioso Hidalgo Don Quijote de la Mancha | |
| 902 | _aQFM | ||
| 942 |
_2lcc _cB |
||
| 999 |
_c2867 _d2867 |
||